The China-Japan war compiled from Japanese, Chinese, and foreign sources (Record no. 553093)

000 -LEADER
fixed length control field 00653cam a2200157K 4500
082 04 - DEWEY DECIMAL CLASSIFICATION NUMBER
Classification number 952.031
Author Mark VLA
100 1# - MAIN ENTRY--PERSONAL NAME
Personal name Volpicelli, Zenone,
9 (RLIN) 50364
245 14 - TITLE STATEMENT
Title The China-Japan war compiled from Japanese, Chinese, and foreign sources
Statement of responsibility, etc. by Vladimir [pseud.].
260 ## - PUBLICATION, DISTRIBUTION, ETC.
Place of publication, distribution, etc. London,
Name of publisher, distributor, etc. S. Low, Marston and Co.,
Date of publication, distribution, etc. 1896.
300 ## - PHYSICAL DESCRIPTION
Extent 1 online resource (x, 449, [1] p. incl. illus., plates, ports.)
Other physical details front. (fold. map) VI col. diagr. on fold. pl.
526 ## - STUDY PROGRAM INFORMATION NOTE
Program name 0
Interest level 0
Reading level 0
Title point value 952_031000000000000_VLA
650 #0 - SUBJECT ADDED ENTRY--TOPICAL TERM
Topical term or geographic name entry element MCE
9 (RLIN) 379
650 #0 - SUBJECT ADDED ENTRY--TOPICAL TERM
Topical term or geographic name entry element Sino-Japanese War, 1894-1895.
9 (RLIN) 50365
856 40 - ELECTRONIC LOCATION AND ACCESS
Uniform Resource Identifier <a href="http://catalog.hathitrust.org/api/volumes/oclc/3867785.html">http://catalog.hathitrust.org/api/volumes/oclc/3867785.html</a>
942 ## - ADDED ENTRY ELEMENTS (KOHA)
Source of classification or shelving scheme
Koha item type Book
Holdings
Withdrawn status Lost status Source of classification or shelving scheme Damaged status Not for loan Permanent Location Current Location Shelving location Date acquired Total Checkouts Full call number Barcode Date last seen Price effective from Koha item type
          Military College of Engineering (MCE) Military College of Engineering (MCE)   01/29/2015   952.031 VLA MCE-ECC/53 01/29/2015 01/29/2015 Book
© 2023 Central Library, National University of Sciences and Technology. All Rights Reserved.